Průkopník úspěšného podnikání měsíčník věnovaný zlepšování průmyslu, obchodu, živností ...

Saved in:
Bibliographic Details
Format: Serial
Language:Czech
Published: Zlín Tisk 1941
Tags: Add Tag
No Tags, Be the first to tag this record!

MARC

LEADER 00000nas2a2200000$$$4500
001 0014515
005 20250730114328.2
041 0 |a cze 
044 |a CZ 
245 1 0 |a Průkopník úspěšného podnikání  |b měsíčník věnovaný zlepšování průmyslu, obchodu, živností ... 
264 1 |a Zlín  |b Tisk  |c 1941 
300 |a 1 zv. 
773 0 |w eu_un_cat*0014514